LEADER 01048nam a2200229 i 4500 001 000000141530 003 CaOOAMICUS 005 20050721000000.0 008 050721s1952 it u000 u ita u 013 $a116135 040 $aSeMil$bita 100 1 $aAngeleri, Carlo.$0(OLS)http://semarc/name/36314 245 13$aIl problema religioso del Rinascimento :$bstoria della critica e bibliografia /$cCarlo Angeleri ; Introduzione di Eugenio Garin. 260 $aFirenze :$bLe Monnier,$c1952. 300 $aVII, 219 p. ;$c23 cm. 500 $aContiene : Appendice di orientamento bibliografico. 650 4$aRinascimento - Religione.$0(OLS)http://semarc/subject/27847 700 1 $aGarin, Eugenio,$d<1909-2004>.$0(OLS)http://semarc/name/1340 850 $aSeMil 852 $aSeMil$W1$xVenegono$y1$m2R II 303$j94754$B94754$CSeMilBibl$Z2$F100717 $81 996 $6245$aIl problema religioso del Rinascimento :$bstoria della critica e bibliografia$9(OLS)http://semarc/title/206804 996 $6260$aFirenze :$bLe Monnier$9(OLS)http://semarc/publisher/30060 LEADER 01081nam a2200181 i 4500 001 000000239083 003 CaOOAMICUS 005 20150219000000.0 008 150219s1821 it u000 u ita u 013 $a217988 026 $aeiia ioe- ona; ched (3) 1821 (A) 040 $aSeMil$bita 245 10$aNOE-ORT. 300 $a360 p. 773 0 $aBergier, Nicolas-Sylvestre <1718-1790>$tDizionario enciclopedico della teologia, della storia della chiesa, degli autori che hanno scritto intorno alla religione, dei concili, eresie, ordini religiosi ec. Composto già per uso dell'enciclopedia metodica dal celebre sig. can. Bergier, tradotto in italiano, corretto ed accresciuto dal p.d. Clemente Biagi dei Camaldolensi. Tomo 1. [-17.].$bEd in questa nuova edizione aumentato di molti nuovi articoli da vari professori di teologia e di storia ecclesiastica.$dFirenze : Presso Giuseppe di Giov. Pagani, 1820-1822.$g13$w()30573 850 $aSeMil 852 $aSeMil$W1$xVenegono$y1$m3D II 57 FA$j189429$B189429$CSeMilBibl$Z2$F200237 $8I 996 $6245$aNOE-ORT$9(OLS)http://semarc/title/340467